Freinet una pedagogía de sentido común.

-д хадгалсан:
Номзүйн дэлгэрэнгүй
Үндсэн зохиолч: Jiménez Mier y Terán, Fernando (autor)
Формат: Ном
Хэл сонгох:испани
Цуврал:(Biblioteca pedagógica ; no. 32)
Нөхцлүүд:
Шошгууд: Шошго нэмэх
Шошго байхгүй, Энэхүү баримтыг шошголох эхний хүн болох!

MARC

LEADER 00000cam^a2200000uu^4500
001 000479948
005 20250521000000.0
008 050901s1985^^^^^^^^^^^^rd^r^^000^0^spa^d
009 20260310124950.85
022 |a 9686011846 
035 |a FCE 000022955 
035 |a FCE 004134 
037 |a Acervo ITESO - Biblioteca 
041 |a spa 
082 0 4 |a 082.1  |b SECa 32 
100 |a Jiménez Mier y Terán, Fernando  |e (autor) 
245 1 0 |a Freinet una pedagogía de sentido común. 
264 |a México :  |b SEP : El Caballito,  |c 1985. 
300 |a 159 p. 
336 |a texto  |b txt  |2 rdacontenido 
337 |a sin mediación  |b n  |2 rdamedio 
338 |a volumen  |b nc  |2 rdasoporte 
440 0 |a (Biblioteca pedagógica ;  |v no. 32) 
649 |a XX 
650 |a Educación popular 
650 |a Teoría del aprendizaje 
650 |a Educadores 
650 |a Francia 
910 |a Fondo Centro de Estudios Educativos 
920 |a Impresos - Libros 
930 |a Fondos Especiales 
905 |a 133 
901 |a ALE004134  |b IT2  |c CEE  |u 20250521 
901 |a ALE045414  |b IT2  |c CEE  |u 20250521 
901 |a ALE067129  |b IT2  |c CEE  |u 20250521 
902 |a https://opac.biblio.iteso.mx/vufind/Record/000479948